| 000 | 00524nam a22001697a 4500 | ||
|---|---|---|---|
| 005 | 20240529110207.0 | ||
| 008 | 240528b |||||||| |||| 00| 0 eng d | ||
| 020 | _a978-93-93885-50-0 | ||
| 041 | _aEnglish | ||
| 082 |
_21st _aAD 174.2 HAB DB1242 |
||
| 100 |
_aHabeeb Jeelani _9180609 |
||
| 245 | _aTextbook of Professionalism Professional Values & Ethics Including Bioethics for BSc Nursing Students Semester- IV | ||
| 260 |
_bEMMESS Medical Pub. _aBangalore _c2023 |
||
| 300 | _a164p | ||
| 365 | _b250.00 | ||
| 942 | _cDB | ||
| 999 |
_c358000 _d358000 |
||